Tại sao con người gây ra chiến tranh /
Đã lưu trong:
| Príomhúdar: | |
|---|---|
| Údair Eile: | |
| Formáid: | Sách giấy |
| Teanga: | Vietnamese |
| Foilsithe: |
H. :
Tri thức,
2010.
|
| Ábhair: | |
| Clibeanna: |
Cuir Clib Leis
Gan Chlibeanna, Bí ar an gcéad duine leis an taifead seo a chlibeáil!
|
| Thư viện lưu trữ: | Thư viện Trường Đại học Đà Lạt |
|---|
| LEADER | 00741nam a2200301 4500 | ||
|---|---|---|---|
| 001 | DLU100113843 | ||
| 005 | ##20101206 | ||
| 040 | # | # | |a DLU |b vie |
| 041 | # | # | |a vie |
| 044 | # | # | |a vn |
| 082 | # | # | |a 355.02 |b AL-M |
| 100 | # | # | |a Allines, Myriam Revault d. |
| 245 | # | # | |a Tại sao con người gây ra chiến tranh / |c Myriam Revault d. Allines; Trúc Đào dịch. |
| 260 | # | # | |a H. : |b Tri thức, |c 2010. |
| 300 | # | # | |a 52 tr. ; |c 20 cm. |
| 653 | # | # | |a Chiến tranh |
| 700 | # | # | |a Trúc Đào, |e dịch. |
| 923 | # | # | |a 10/2010 |
| 991 | # | # | |a SH |
| 992 | # | # | |a 18000 |
| 994 | # | # | |a DLU |
| 900 | # | # | |a True |
| 911 | # | # | |a Đào Thị Thu Huyền |
| 925 | # | # | |a G |
| 926 | # | # | |a A |
| 927 | # | # | |a SH |
| 980 | # | # | |a Thư viện Trường Đại học Đà Lạt |